Electrónica de potencia : (Registro nro. 21572)

Detalles MARC
000 -Cabecera
Campo de control interno 00516nam a22002057a 4500
005 - Fecha y hora del registro
control field 20260318095216.0
008 - Elementos de Longitud Fija
fixed length control field 260318b |||||||| |||| 00| 0 spa d
041 ## - Idioma
Codigo Idioma ESP
082 ## - DEWEY y NOTACIÓN INTERNA
Dewey 621.317
Notación Interna B18
100 ## - AUTOR
Autor denominación Ballester, Eduard
245 ## - TÍTULO DE MATERIAL BIBLIOGRÁFICO
Título Electrónica de potencia :
Título paralelo principios fundamentales y estructuras básicas
260 ## - CIUDAD, EDITORIAL, AÑO
Ciudad :
Nombre de la Editorial ,
Año 2016
300 ## - DESCRIPCIÓN
N° Páginas 661 páginas :
Otros detalles ;
Dimensiones 23 cm.
440 ## - MENCIÓN DE SERIE
Título de la Serie ;
650 ## - TEMAS
Temas Tecnología (Ciencias Aplicadas)
654 ## - PROGRAMAS
Programa Dpto. de Ingeniería Electrónica y Telecomunicaciones
700 ## - OTROS AUTORES
Otros autores ;
942 ## - ELEMENTOS DE KOHA
Tipo de documento Libro
Nombre del creador Justo Noguera
Código de catalogador Justo Noguera
Esquema de clasificación Dewey Decimal Classification
Existencias
Codigo completo Registro Colección Copia número Disponibilidad Tipo de préstamo Biblioteca Actual Procedencia (Biblioteca) Ubicacón Fecha Ingreso Tipo de Adquisición Date last seen Total checkouts Price effective from Tipo de Item Estado del Material Fuente de Clasificación Damaged status Withdrawn status
621.317 B18 1023620 Universidad Católica San Pablo 1 Disponible Disponible Víctor Andrés Belaunde Víctor Andrés Belaunde Segundo piso 18/03/2026 Compra 20/03/2026   18/03/2026 Libro Bueno Dewey Decimal Classification    
621.317 B18 1055724 Universidad Católica San Pablo 2 Disponible Disponible Víctor Andrés Belaunde Víctor Andrés Belaunde Segundo piso 18/03/2026 Compra 08/04/2026   08/04/2026 Libro Bueno Dewey Decimal Classification    
621.317 B18 1055725 Universidad Católica San Pablo 3 Disponible Disponible Víctor Andrés Belaunde Víctor Andrés Belaunde Segundo piso 18/03/2026 Compra 08/04/2026   08/04/2026 Libro Bueno Dewey Decimal Classification    
621.317 B18 1055726 Universidad Católica San Pablo 4 Disponible Disponible Víctor Andrés Belaunde Víctor Andrés Belaunde Segundo piso 18/03/2026 Compra 08/04/2026   08/04/2026 Libro Bueno Dewey Decimal Classification    
621.317 B18 1055727 Universidad Católica San Pablo 5 Disponible Disponible Víctor Andrés Belaunde Víctor Andrés Belaunde Segundo piso 18/03/2026 Compra 08/04/2026   08/04/2026 Libro Bueno Dewey Decimal Classification    
621.317 B18 1069082 Universidad Católica San Pablo 6 Disponible Disponible Víctor Andrés Belaunde Víctor Andrés Belaunde Segundo piso 18/03/2026 Compra 08/04/2026   08/04/2026 Libro Bueno Dewey Decimal Classification